000 00307nam a2200109 4500
999 _c9582
_d9582
008 180709b ||||| |||| 00| 0 eng d
245 _aPoliticos may derail antipoverty plans.
260 _aPhilippines
_bPhilippine Daily Inquirer
_cc2017
300 _apage A10.
650 0 _928481
_aPoverty.
942 _2ddc
_cPER